000 01134nam a22002537a 4500
003 OSt
005 20250219161659.0
008 240916b ||||| |||| 00| 0 eng d
040 _c0
082 _aDPer 372.05 EL269 2021 v. 122 n. 1-4
100 _aSilverman, Rebeca D.
_eauthor.
_961185
245 _aThe effect of a language and Literacy intervention on upper elementary bilingual student's argument writing /
_cRebeca D. Silverman, C. Patrick Proctor, Jeffrey R. Harring, Karen S. Taylor, Erika S. Taylor, Renata Love Jones, and Yewon Lee.
260 _aUSA ;
_bUnivirsity of Chicago Press,
_cDecember 2021.
300 _avolume 122, pages 208-232,
_billustration.
500 _aThe Elementary School Journal, v. 122, n. 2, pages 208-232, December 2021
700 _aSilverman, Rebeca D.
_eauthor.
_961185
700 _a Proctor, C. Patrick
_eauthor.
_961186
700 _aHarring, Jeffrey R.
_eauthor.
_961187
700 _aTaylor, Karen S.
_eauthor.
_961188
700 _aJohnson, Erika S.
_eauthor.
_961189
700 _aJones, Renata Love.
_eauthor.
_961190
700 _aLee, Yewon.
_eauthor.
_961191
942 _2ddc
_cPER
999 _c21693
_d21693